000 00486nam a2200181Ia 4500
999 _c29350
_d29350
003 OSt
005 20201112105329.0
008 190216s9999||||xx |||||||||||||| ||und||
020 _a9798184230771
040 _coclc
082 _a894.8123
_bVAS/A
100 _aVasanthi
_96512
245 0 _aAakasaveedukal /
_cVasanthi
260 _bGreen Books,
_aThrissur:
_c2007.
300 _a199p
650 _aNovel
942 _cBK
_2ddc
_h894.8123
_iVAS/A
_k894.8123
_mVAS/A